Aves de presa / (Registro nro. 2777)
[ vista simple ]
| 000 -LEADER | |
|---|---|
| fixed length control field | 01276nam a2200205 a 4500 |
| 008 - CAMPO DE CONTROL (LIBRO) | |
| fixed length control field | 180524e2005 ag ||||g |||| 00| f spa d |
| 020 ## - INTERNATIONAL STANDARD BOOK NUMBER | |
| ISBN | 9875800546 |
| 041 ## - CODIGO DE IDIOMA | |
| Código de idioma del texto/pista de sonido o título separado | spa |
| 092 ## - SIGNATURA TOPOGRAFICA DEWEY LOCAL | |
| número de clasificación | 808 |
| libristica | 79 |
| sección | SMI |
| 100 1# - ENTRADA PRINCIPAL--NOMBRE PERSONAL | |
| Nombre personal | Smith, Wilbur |
| 9 (RLIN) | 3935 |
| 245 ## - TITULO PROPIAMENTE DICHO | |
| Título | Aves de presa / |
| Subtítulo y Título paralelo | Wilbur Smith |
| 250 ## - MENCION DE EDICION | |
| Mención de edición | 1a ed. |
| Mención de responsabilidad relacionada con la ed. | Traducción Edith Zilli |
| 260 ## - PIE DE IMPRENTA | |
| Lugar de publicación, distribución, etc | Buenos Aires: |
| Nombre de la editorial, distribuidor, etc | Booket; |
| Fecha de publicación | 2005. |
| 300 ## - DESCRIPCION FISICA | |
| Extension | 606 p. |
| 500 ## - NOTA GENERAL | |
| Nota general | Smith, W. (2005). Aves de presa. (1a ed.). Buenos Aires : Booket. |
| 505 ## - NOTA DE CONTENIDO | |
| Nota de contenido formateada | Corre el año 1667. La guerra naval entre Holanda e Inglaterra está en pleno apogeo y se libra en todos los mares. Sir Francis Courtney, junto a su hijo Hal, actúan como corsarios ingleses. Cerca del sur de África, atrapan un galeón de la Compañía Holandesa de las Indias Orientales cargado de especias, madera y oro. Entre los rehenes se encuentran un gobernador colonial holandés y su seductora esposa. Katinka, mujer sensual e intrigante que no se detendrá ante nada para acabar con los Courtney. La vívida descripción de cruentos combates en alta mar, un exótico viaje al Mar Rojo y los apasionados personajes hacen Aves de presta otra obra maestra de suspenso y aventuras. |
| 590 ## - NOTAS LOCALES (RLIN) | |
| Nota local | DONACION Victoria Lara mayo 2018 |
| 655 ## - MATERIA - GENERO/FORMA | |
| Género/Forma | Literatura |
| -- | 2917 |
| 942 ## - ADDED ENTRY ELEMENTS (KOHA) | |
| Source of classification or shelving scheme | Dewey Decimal Classification |
| Item type | LITERATURA |
| Estado de retiro | Existencia | Fuente de clasificación | Estado general | No para prestamo | Colección | Ubicación permanente | ubicación actual | Sala de ubicación | Fecha de adquisición | Fuente de adquisición | Total Checkouts | Número de clasificación | Código de barras | Date last seen | Número de ejemplar | Price effective from | Koha tipo de elemento (item) | Public note |
|---|---|---|---|---|---|---|---|---|---|---|---|---|---|---|---|---|---|---|
| Dewey Decimal Classification | Fiction | Biblioteca Medicina | Biblioteca Medicina | Circulación | 24/05/2018 | Donacion | 808 79 SMI | 4273 | 24/05/2018 | Ej. 1 | 24/05/2018 | LITERATURA | DONACION Victoria Lara mayo 2018 |